000 00409nam a2200157Ia 4500
003 Ost
005 20260225132539.0
008 260225s9999||||xx |||||||||||||| ||und||
040 _cfsic
041 _afre
082 _a327
100 _aRoselyne koren
_eAuteur
245 0 _aLes enjeux éthiques de l'écriture de presse et de la mise en mots du terrorisme /
245 0 _cRoselyne koren
942 _cكتاب
999 _c33408
_d33408